000 00466nam a2200181Ia 4500
001 22744
005 20260414150851.0
008 260414t2004||||xx |||||||||||||| ||spa||
041 _aESP
082 _a621.398
_bS78
100 _aStallings, William
_eAUT
245 0 _aFundamentos de seguridad en redes :
_baplicaciones y estándares
260 _c2004
300 _avii, 418 páginas :
_c24 cm.
650 _aTCA
654 _aCET
942 _cLIB
_dJUS
_fJUS
_2ddc
_n
999 _c22744
_d22744